Scottish Premiership 2025/26 First XI - Statistics

General Stats
  • This quiz has been taken 22 times
  • The average score is 47 of 132
Answer Stats
Club Position Nationality Player % Correct
Celtic RB Alistair Johnston
74%
Celtic CM Callum McGregor
74%
Celtic FW Daizen Maeda
74%
St Mirren LB Declan John
74%
Rangers GK Jack Butland
74%
Rangers RB James Tavernier
74%
Celtic CB Cameron Carter-Vickers
68%
Celtic GK Kasper Schmeichel
68%
Celtic LB Kieran Tierney
68%
Rangers CM Nicolas Raskin
63%
Rangers FW Danilo
58%
Rangers FW Djeidi Gassama
58%
Rangers CB John Souttar
58%
Hearts FW Lawrence Shankland
58%
Celtic CB Liam Scales
58%
Rangers CM Mohamed Diomandé
58%
Celtic CM Reo Hatate
58%
Celtic FW Adam Idah
53%
Falkirk FW Brian Graham
53%
Falkirk AM Calvin Miller
53%
Rangers CM Joe Rothwell
53%
Hibernian AM Junior Hoilett
53%
Hibernian FW Kieron Bowie
53%
Dundee CB Luke Graham
53%
Hibernian AM Martin Boyle
53%
Rangers LB Max Aarons
53%
Falkirk AM Scott Arfield
53%
Hearts GK Zander Clark
53%
Celtic CM Benjamin Nygren
47%
Hearts FW Cláudio Braga
47%
Livingston CB Danny Wilson
47%
Hearts CB Frankie Kent
47%
Hibernian GK Jordan Smith
47%
Rangers FW Kieran Dowell
47%
Rangers CB Nasser Djiga
47%
Celtic FW Yang Hyunjun
47%
Dundee CM Callum Jones
42%
Kilmarnock AM David Watson
42%
Aberdeen GK Dimitar Mitov
42%
Aberdeen LB Graeme Shinnie
42%
Hearts LM Harry Milne
42%
Aberdeen CB Jack Milne
42%
Aberdeen FW Kusini Yengi
42%
Motherwell CB Liam Gordon
42%
St Mirren FW Mikael Mandron
42%
Falkirk GK Scott Bain
42%
St Mirren CB Alex Gogić
37%
Hearts CM Cameron Devlin
37%
Dundee CB Clark Robertson
37%
Dundee CM Finlay Robertson
37%
Dundee United FW Ivan Dolček
37%
Hibernian DM Josh Mulligan
37%
Dundee United CM Panutche Camará
37%
Motherwell CB Paul McGinn
37%
Hibernian CB Rocky Bushiri
37%
Dundee FW Ashley Hay
32%
Hearts CB Craig Halkett
32%
Dundee United CM Craig Sibbald
32%
Motherwell AM Eli Just
32%
Motherwell DM Elliot Watt
32%
St Mirren CM Fraser Taylor
32%
Hibernian CB Jack Iredale
32%
St Mirren RB Jayden Richardson
32%
Dundee GK Jon McCracken
32%
Kilmarnock CB Lewis Mayo
32%
Falkirk CB Liam Henderson
32%
St Mirren CB Marcus Fraser
32%
Dundee CB Ryan Astley
32%
Aberdeen AM Topi Keskinen
32%
Dundee United FW Zac Sapsford
32%
Aberdeen AM Adil Aouchiche
26%
Aberdeen RB Alexander Jensen
26%
Falkirk DM Brad Spencer
26%
Hibernian DM Chris Cadden
26%
Kilmarnock FW Djenario Daniels
26%
Hibernian DM Dylan Levitt
26%
Falkirk DM Dylan Tait
26%
Motherwell LB Emmanuel Longelo
26%
Falkirk AM Ethan Ross
26%
Dundee United CM Isaac Pappoe
26%
Dundee United CB Iurie Iovu
26%
Livingston GK Jérôme Prior
26%
Falkirk RB Keelan Adams
26%
St Mirren CM Killian Phillips
26%
Dundee United LB Krisztián Keresztes
26%
Aberdeen DM Leighton Clarkson
26%
Livingston CM Macauley Tait
26%
Kilmarnock FW Marcus Dackers
26%
St Mirren CM Mark O'Hara
26%
Livingston CM Mohamad Sylla
26%
Hearts CM Oisin McEntee
26%
St Mirren CB Richard King
26%
Aberdeen DM Sivert Heltne Nilsen
26%
Hearts CB Stuart Findlay
26%
Motherwell AM Tawanda Maswanhise
26%
Dundee United RB Vicko Sevelj
26%
Dundee United GK Yevhenii Kucherenko
26%
Livingston LB Adam Montgomery
21%
Motherwell FW Apostolos Stamatelopoulos
21%
Dundee United CB Bert Esselink
21%
Kilmarnock CB Brad Lyons
21%
Motherwell AM Callum Slattery
21%
Motherwell GK Calum Ward
21%
Dundee RB Ethan Ingram
21%
Hibernian DM Jordan Obita
21%
Falkirk LB Leon McCann
21%
Falkirk CB Lewis Neilson
21%
Kilmarnock DM Liam Polworth
21%
Motherwell DM Lukas Fadinger
21%
Aberdeen CB Mats Knoester
21%
Kilmarnock GK Max Stryjek
21%
Dundee United FW Max Watters
21%
Aberdeen AM Nicolas Milanovic
21%
Livingston FW Robbie Muirhead
21%
Livingston CB Ryan McGowan
21%
Livingston CM Scott Pittman
21%
St Mirren GK Shamal George
21%
Hibernian CB Warren O'Hora
21%
Livingston FW Andrew Winter
16%
Kilmarnock DM Ben Brannan
16%
Hearts CM Blair Spittal
16%
Hearts RM Christian Borchgrevink
16%
Livingston RB Daniel Finlayson
16%
Dundee FW Emile Acquah
16%
Kilmarnock CB George Stanger
16%
Livingston FW Graham Carey
16%
Dundee LB Imari Samuels
16%
Kilmarnock DM Jamie Brandon
16%
Motherwell RB John Koutroumbis
16%
Dundee CM Paul Digby
16%
St Mirren FW Roland Idowu
16%
Kilmarnock DM Tom Lowery
16%
No matching quizzes found
Score Distribution
Percent of People with Each Score
Percentile by Number Answered
Your Score History
You have not taken this quiz